000 01820nam0a2200373 4500
001 RU\NLR\bibl\1183565
005 20260405150642.0
021 _aRU
_b2007-85681
_94622
035 _a(nilc)RSL-KNO-003368769
035 _a(NLR Aleph) 001170155
090 _a1592226
_c1592226
100 _a20071205d2006 |||y0rusy50 ca
101 0 _arus
102 _aRU
105 _aa |||||||||
200 1 _aВалютно-финансовые кризисы: факторы, взаимосвязи, основы моделирования
_fО.С. Мариев, Л.И. Кузьмина, Н.А. Матушкина
205 _aПрепринт
210 _aЕкатеринбург
_cИнститут экономики УрО РАН
_d2006
215 _a71 с.
_cил.
_d21
225 1 _aНаучные доклады
_fРос. акад. наук, Урал. отд-ние, Ин-т экономики
320 _aБиблиогр.: с. 64-69 (68 назв.) и в подстроч. прим.
606 1 _aВалютные кризисы
_91222362
_3RU\NLR\auth\66179305
610 0 _aЭкономика -- Мировая экономика -- Финансы -- Финансовые кризисы -- Экономико-математические методы и модели
686 _aУ526-971в611,0
_2rubbk
686 _aУ26(0)26-971
700 1 _aМариев
_bО. С.
_gОлег Святославович
_4070
701 1 _4070
_7ca
_8rus
_aКузьмина
_bЛ. И.
_cэкономист
_gЛюдмила Игоревна
_944859
_3RU\NLR\auth\7761929
701 1 _aМатушкина
_bН. А.
_gНаталья Александровна
_4070
801 0 _aRU
_bРКП
_c20071205
_grcr
801 1 _aRU
_bРГБ
_c20071205
801 2 _aRU
_bNLR
_c20080204
_grcr
942 _cBOOK
980 _aNB